LEADER 00410nab a2200145 i 4500 001 000000265808 003 CaOOAMICUS 005 20190211102758.0 008 070212n xx uu u0 0und r 013 $a9190 040 $aSeMil$bita 245 10$aSpring. 773 0 $t[2001].$dEvanston (Illinois) : Anglican Theological Review, 2001.$w()158550 996 $6245$aSpring$9(OLS)http://semarc/title/421134 LEADER 00571nab a2200145 i 4500 001 000000259704 003 CaOOAMICUS 005 20050202000000.0 008 050202n xx uu u0 0und r 013 $a350 040 $aSeMil$bita 245 12$aL'Évangile dans les cités ; Méditation sur l'Église. - 44 p. - Titoli dalla copertina. 500 $aFÉVRIER 2004 - 1. quinzane. 773 0 $t[2004.$dParis : Les Éditions du Cerf, 2004.$w()115745 996 $6245$aL'Évangile dans les cités ; Méditation sur l'Église. - 44 p. - Titoli dalla copertina.$9(OLS)http://semarc/title/354755